| 000 | 00671nam a2200217Ia 4500 | ||
|---|---|---|---|
| 005 | 20250108125115.0 | ||
| 008 | 008 250107s9999 xx 000 0 hin d | ||
| 020 | _a978-93-80829-02-9 | ||
| 037 | _aTB | ||
| 040 |
_aCRL _bhin _cCRL |
||
| 041 |
_ahin _2hin |
||
| 084 | _aI23 P4 | ||
| 084 | _qCRL | ||
| 100 | _aअर्णव, ले. | ||
| 245 | 0 |
_aज्योतिष रत्न के रहस्य _cअर्णव, ले. |
|
| 260 |
_aनई दिल्ली, भारत _bहर - आनन्द पब्लिकेशन _c3332 |
||
| 300 | _a286पृ0 | ||
| 365 |
_aINR _b895 |
||
| 942 |
_cTB _hI23 P4 |
||
| 999 |
_c1235720 _d1235720 |
||